000 nam a22 a 4500
999 _c3300
_d3300
003 AKMAL
005 20170522111216.0
008 170521s1995 my a00 may d
020 _a9836244271 (kkt.):
_cRM 20.00
082 0 4 _a658.301 BRA
090 _a658.301
_bBRA
100 1 _aBramham,
_dJohn
_96710
245 1 0 _aPerancangan tenaga manusia secara praktis /
_cJohn Bramham ; penterjemah Sumali Amat
260 _aKuala Lumpur :
_bDewan Bahasa dan Pustaka,
_c1995
300 _axvi, 265ms. :
_bil. ;
_c19cm
500 _aMengandungi indeks
500 _aTerjemahan dari: Practical manpower planning. - 4th edi.: Wimbledon, London , Institute of personnel management, 1988.
504 _aBibliografi: ms. 255-261
650 _aPersonnel management
_zGreat Britain
_96335
650 _aManpower policy
_zGreat Britain
_96711
700 _aSumali Amat
_96712
942 _2ddc
_cBOOK